00653nam a2200193Ia 4500008004100000020001500041082001600056100001900072245005200091250000800143260004300151300002400194500001900218600002100237650005000258942000700308952012900315999001500444240925s9999 xx 000 0 und d a067230399x a005.133 LAF aLafore, Robert 4aThe Waite Group's C Programming Using Turbo C++ a2nd aIndianapolis:bSAMS Publishingc,1995. a560p.bNAfOriginal aIncludes Index aComputer Science aComputer science, information & general works cBK 001040708CSaUITUbUITUd2004-08-20eFair Book Centerg175.00l0o005.133 LAFpQ5760r2024-09-25 07:13:57w2024-09-25yBK c8259d8259